Vplyv dlhodobého podávania rolitetracyklínu a tetracyklínu na výskyt antibakteriálne účinkujúcich ninhydrínpozitívnych látok v bezbielkovinnom extrakte obličkového tkaniva králikov ; Ján Suržin, Konštantín Barna, Jozef Adam, Bartolomej Grega

Bibliographic Details
Main Authors: Suržin, Ján, 1943- (Author), Barna, Konštantín, 1925-2009 (Author), Adam, Jozef, 1967- (Author), Grega, Bartolomej (Author)
Format: Article
Language:Slovak
Subjects:

MARC

LEADER 00000nab a2200000 a 4500
001 vtls000189886
003 SK-MaSNL
005 20260303101340.0
008 160204c1982 xo 0 slo
015 |a SNBRA19rr/mm-uuuuu 
035 |a CL0199999 
040 |a SNKBUCL  |b slo  |c SNKBUCL  |e AACR2 
041 0 |a slo 
044 |a xo  |c SK 
080 |a 615.33  |2 1981 
080 |a 577.112.6  |2 1981 
080 |a 615.28  |2 1981 
080 |a 57.089.6  |2 1981 
245 0 0 |a Vplyv dlhodobého podávania rolitetracyklínu a tetracyklínu na výskyt antibakteriálne účinkujúcich ninhydrínpozitívnych látok v bezbielkovinnom extrakte obličkového tkaniva králikov ; Ján Suržin, Konštantín Barna, Jozef Adam, Bartolomej Grega 
300 |b Obr. 1. Tb. 4. Res. rus., angl., lit. 19 zázn. v slov., češ., angl., nem. 
650 0 7 |a peptidy  |2 snkbucl  |9 14973 
650 0 7 |a rolitetracyklín  |2 snkbucl  |9 166243 
650 0 7 |a tetracyklín  |2 snkbucl  |9 20324 
655 7 |a články zo zborníkov  |2 snkbucl  |9 166140 
700 1 |a Suržin, Ján,  |d 1943-  |4 aut  |9 135715 
700 1 |a Barna, Konštantín,  |d 1925-2009  |4 aut  |9 201877 
700 1 |a Adam, Jozef,  |d 1967-  |4 aut  |9 310900 
700 1 |a Grega, Bartolomej  |4 aut  |9 587615 
773 0 |t Zborník Lekárskej fakulty Košice. Zväzok 40. Roč. 25/1982  |d Košice : SPN, 1982  |g S. 81-90 
850 |a Slovenská národná knižnica v Martine  |a MTA001 
852 |a SNK  |b KIS3GCP 
958 |a NB 
958 |a RK 
992 |a RZB 
999 |c 1838310  |d 1840240